[Event "ICS rated blitz match"]
[Site "204.178.125.65"]
[Date "2000.03.10"]
[Round "?"]
[White "Hossa"]
[Black "PostModernist"]
[Result "1/2-1/2"]
[WhiteElo "2361"]
[BlackElo "2545"]
[PlyCount "107"]

1. e4 c6 2. d4 d5 3. Nc3 dxe4 4. Nxe4 Nd7 5. Ng5 Nb6 6. Bd3 g6 7. N1f3 Bg7 8.
O-O Nh6 9. c3 O-O 10. Re1 Nf5 11. Bd2 h6 12. Nh3 Nd6 13. Nf4 Bg4 14. h3 Bf5 15.
Bxf5 Nxf5 16. Qb3 a5 17. Nd3 a4 18. Qb4 Nd6 19. Nf4 Re8 20. Rab1 Ndc4 21. b3
axb3 22. axb3 Nxd2 23. Nxd2 e5 24. c4 Qxd4 25. Nf3 Bf8 26. Qxf8+ Kxf8 27. Nxd4
exd4 28. Red1 Re4 29. g3 g5 30. Nd3 Nd7 31. c5 Ra3 32. Rd2 f5 33. Kg2 Kg7 34.
f3 Re3 35. Nc1 Nxc5 36. Rxd4 Nxb3 37. Rd7+ Kg8 38. Rxb7 Nxc1 39. Rb8+ Kf7 40.
R8b7+ Ke8 41. Rxc1 Ra2+ 42. Kh1 Rxf3 43. Rh7 Kf8 44. Rd1 Kg8 45. Rc7 Ra8 46.
Rdd7 Re3 47. Kg2 Kf8 48. Rh7 Ra2+ 49. Kf1 Rf3+ 50. Ke1 Kg8 51. Rcg7+ Kf8 52.
Rc7 Kg8 53. Rcg7+ Kf8 54. Rc7 1/2-1/2

[Event "ICS rated bullet match"]
[Site "204.178.125.65"]
[Date "2000.03.10"]
[Round "?"]
[White "Hossa"]
[Black "MissSilicon"]
[Result "1-0"]
[WhiteElo "2369"]
[BlackElo "2598"]
[PlyCount "107"]

1. e4 e6 2. d4 d5 3. Nc3 dxe4 4. Nxe4 Nd7 5. Nf3 Ngf6 6. Nxf6+ Nxf6 7. Bd3 Bd6
8. O-O O-O 9. Re1 Nd5 10. c4 Nf4 11. Bc2 c6 12. Ne5 Ng6 13. Nxg6 fxg6 14. Be3
Qh4 15. h3 Bd7 16. Bd3 b5 17. Qg4 Qxg4 18. hxg4 a5 19. Bg5 Bf4 20. Be7 Rf7 21.
Bc5 Rd8 22. a4 b4 23. g3 Bc7 24. g5 Rf3 25. Bc2 Rf7 26. f4 Bc8 27. Kf2 Bd6 28.
Bxd6 Rxd6 29. Rad1 Rfd7 30. Ke3 Rd8 31. Rh1 Bb7 32. b3 R6d7 33. Be4 c5 34. Bxb7
cxd4+ 35. Ke4 Rxb7 36. Rxd4 Rxd4+ 37. Kxd4 Rd7+ 38. Ke3 Re7 39. Rd1 Kf7 40. Rd8
Re8 41. Rxe8 Kxe8 42. Kd4 Kd7 43. Kc5 h6 44. gxh6 gxh6 45. Kb6 g5 46. fxg5 hxg5
47. c5 Kc8 48. g4 Kb8 49. Kxa5 Kc7 50. Kxb4 Kb7 51. a5 Kc6 52. Kc4 e5 53. b4
Kc7 54. a6 1-0

[Event "ICS rated bullet match"]
[Site "204.178.125.65"]
[Date "2000.03.10"]
[Round "?"]
[White "MissSilicon"]
[Black "Hossa"]
[Result "1-0"]
[WhiteElo "2573"]
[BlackElo "2394"]
[PlyCount "81"]

1. d4 Nf6 2. c4 e6 3. Nc3 Bb4 4. Bg5 h6 5. Bh4 c5 6. d5 b5 7. dxe6 fxe6 8. cxb5
d5 9. e3 O-O 10. Bd3 d4 11. a3 dxc3 12. axb4 Bb7 13. Nf3 cxb2 14. Rb1 g5 15.
Bg3 g4 16. Nh4 Be4 17. Bxe4 Qxd1+ 18. Kxd1 Nxe4 19. Rxb2 c4 20. Ng6 Rd8+ 21.
Kc1 c3 22. Rc2 Kh7 23. Bh4 Rc8 24. Ne5 h5 25. Ra2 Rc7 26. Rd1 Rb7 27. Rd4 Nd2
28. Ra3 Rxb5 29. Bf6 Nf1 30. Rd8 Nc6 31. Rxa7+ Kh6 32. Nxc6 Rxa7 33. Nxa7 Rxb4
34. Nc6 Ra4 35. Ne7 Ra1+ 36. Kc2 Nxe3+ 37. fxe3 Ra2+ 38. Kb3 Rb2+ 39. Kxc3 Rb8
40. Rxb8 h4 41. Rh8# 1-0

[Event "ICS rated bullet match"]
[Site "204.178.125.65"]
[Date "2000.03.10"]
[Round "?"]
[White "Hossa"]
[Black "MissSilicon"]
[Result "1/2-1/2"]
[WhiteElo "2386"]
[BlackElo "2581"]
[PlyCount "56"]

1. e4 e5 2. Nf3 Nc6 3. Bb5 Bc5 4. c3 Nf6 5. d4 exd4 6. e5 Nd5 7. O-O O-O 8.
cxd4 Bb4 9. Bd2 Bxd2 10. Nbxd2 a6 11. Bc4 Nf4 12. d5 Ne7 13. d6 cxd6 14. exd6
Nf5 15. Ne4 Nh4 16. Nxh4 Qxh4 17. Re1 b5 18. Bd5 Nxd5 19. Qxd5 Rb8 20. Qe5 Bb7
21. Qe7 Qf4 22. Nc5 Bxg2 23. Kxg2 Qg4+ 24. Kh1 Qf3+ 25. Kg1 Qg4+ 26. Kh1 Qf3+
27. Kg1 Qg4+ 28. Kh1 Qf3+ 1/2-1/2

[Event "ICS rated bullet match"]
[Site "204.178.125.65"]
[Date "2000.03.10"]
[Round "?"]
[White "MissSilicon"]
[Black "Hossa"]
[Result "0-1"]
[WhiteElo "2573"]
[BlackElo "2394"]
[PlyCount "116"]

1. Nf3 d5 2. c4 e6 3. g3 Nf6 4. Bg2 dxc4 5. Qa4+ Nbd7 6. O-O Bd6 7. Nc3 O-O 8.
Qxc4 Nb6 9. Qd4 c5 10. Qd3 c4 11. Qd4 Re8 12. Nb5 Bb4 13. Qe5 Nbd5 14. e4 a6
15. Nc3 Ne7 16. Re1 Nc6 17. Qg5 e5 18. a3 Bc5 19. Na4 Be7 20. Qe3 Nd4 21. Nxd4
exd4 22. Qe2 Bg4 23. Qf1 Qa5 24. e5 Qxa4 25. Bxb7 Nd7 26. Bxa8 Rxa8 27. Qg2 Rd8
28. h3 Be6 29. f4 Nc5 30. f5 Bxf5 31. Qf3 Bxh3 32. Kh2 Qd7 33. Rg1 Bg4 34. Qf4
Nd3 35. Qe4 Qe6 36. Rf1 Bh3 37. Rh1 Nf2 38. Qf3 Nxh1 39. Kxh1 Qxe5 40. Kh2 Be6
41. d3 Qe1 42. Qe4 Qf2+ 43. Qg2 Qxg2+ 44. Kxg2 cxd3 45. Kf3 f5 46. Bd2 Bd5+ 47.
Kf2 Kf7 48. Rc1 Bd6 49. b4 Re8 50. Re1 Rxe1 51. Bxe1 f4 52. g4 Be4 53. Kf1 Bf3
54. g5 Kg6 55. Kf2 Bc6 56. Bd2 Kxg5 57. Kf1 Kg4 58. Kf2 f3 0-1

[Event "ICS rated bullet match"]
[Site "204.178.125.65"]
[Date "2000.03.10"]
[Round "?"]
[White "Hossa"]
[Black "MissSilicon"]
[Result "0-1"]
[WhiteElo "2418"]
[BlackElo "2549"]
[PlyCount "114"]

1. e4 c5 2. Nf3 d6 3. d4 cxd4 4. Nxd4 Nf6 5. Nc3 Nc6 6. Bg5 e6 7. Qd2 a6 8.
O-O-O Bd7 9. Kb1 Rc8 10. Nxc6 Bxc6 11. f3 Be7 12. Bf4 e5 13. Bg5 O-O 14. g3 Rc7
15. h4 Nh5 16. Rg1 Nf6 17. Bg2 Qc8 18. h5 Rd8 19. h6 g6 20. Rh1 b5 21. Bh3 Qb7
22. Bxf6 Bxf6 23. Rhe1 b4 24. Nd5 Bxd5 25. exd5 Rb8 26. f4 a5 27. fxe5 Bxe5 28.
Qg5 f6 29. Be6+ Kh8 30. Qh4 Rf8 31. Re4 Rc3 32. g4 Qb5 33. Rh1 Rf3 34. Qe1 Re8
35. Bf7 Re7 36. Qd1 Rf2 37. Be6 Rc7 38. Rhe1 Rh2 39. R4e2 Rxh6 40. Qd2 Rh3 41.
Qd1 Kg7 42. g5 Rg3 43. gxf6+ Bxf6 44. Rh1 Qc5 45. Reh2 h5 46. Qc1 Bd4 47. Qf4
Be5 48. Qf1 a4 49. Rf2 Rf3 50. Qg2 Rxf2 51. Qe4 Qxc2+ 52. Qxc2 Rcxc2 53. Bf5
Rxb2+ 54. Kc1 Bf4+ 55. Kd1 Rfd2+ 56. Ke1 Bg3+ 57. Kf1 Rd1# 0-1

[Event "ICS rated bullet match"]
[Site "204.178.125.65"]
[Date "2000.03.10"]
[Round "?"]
[White "MissSilicon"]
[Black "Hossa"]
[Result "1-0"]
[WhiteElo "2559"]
[BlackElo "2408"]
[PlyCount "141"]

1. d4 d5 2. c4 e6 3. Nc3 Nf6 4. Bg5 Be7 5. e3 O-O 6. Nf3 Nbd7 7. Rc1 c6 8. Bd3
dxc4 9. Bxc4 Nd5 10. Bxe7 Qxe7 11. O-O Nxc3 12. Rxc3 e5 13. Bb3 Rd8 14. Rc2 e4
15. Nd2 Nf6 16. f3 Bf5 17. fxe4 Bxe4 18. Nxe4 Qxe4 19. Rf3 Rd7 20. Rcf2 c5 21.
Bc2 Qd5 22. Rf5 Qd6 23. Rxc5 Qxc5 24. dxc5 Rxd1+ 25. Bxd1 Rc8 26. Rf5 Rd8 27.
Bb3 Rd2 28. Rf4 Rxb2 29. Rb4 Rb1+ 30. Kf2 Kf8 31. Rxb7 Ne4+ 32. Kf3 Nd2+ 33.
Kg4 Nxb3 34. axb3 Rc1 35. Rb5 Rc2 36. Kf3 g5 37. e4 h5 38. h3 Rc3+ 39. Kf2 Rc2+
40. Kg1 g4 41. Kh2 Rc3 42. hxg4 hxg4 43. b4 Re3 44. c6 Rc3 45. Rb8+ Kg7 46. b5
Kf6 47. Rb7 a6 48. bxa6 g3+ 49. Kh3 Rxc6 50. a7 Ra6 51. Rb6+ Rxb6 52. a8=Q Kg7
53. Kxg3 Rg6+ 54. Kf3 Rb6 55. Qa1+ Kg6 56. Kg4 f6 57. Qa8 Rb2 58. Qg8+ Kh6 59.
Qf8+ Kg6 60. e5 Rxg2+ 61. Kf3 Rb2 62. Qxf6+ Kh5 63. e6 Ra2 64. e7 Ra3+ 65. Kg2
Rg3+ 66. Kf2 Rg8 67. Qf7+ Kg4 68. Qxg8+ Kf5 69. e8=Q Kf4 70. Qe3+ Kf5 71. Qge6#
1-0

[Event "ICS rated blitz match"]
[Site "204.178.125.65"]
[Date "2000.03.10"]
[Round "?"]
[White "MissSilicon"]
[Black "Hossa"]
[Result "1/2-1/2"]
[WhiteElo "2701"]
[BlackElo "2369"]
[PlyCount "188"]

1. d4 d5 2. c4 e6 3. Nc3 Nf6 4. Bg5 Be7 5. e3 O-O 6. Nf3 Nbd7 7. cxd5 exd5 8.
Qc2 c6 9. Bd3 Kh8 10. O-O Re8 11. Bf4 Nf8 12. Ne5 Kg8 13. Bg5 Bd6 14. f4 Be6
15. Qb3 Bc8 16. Rac1 Be7 17. e4 Ne6 18. exd5 Nxd5 19. Nxd5 cxd5 20. Qc2 g6 21.
Qa4 f6 22. Bb5 Rf8 23. Bh6 fxe5 24. Bxf8 Bxf8 25. fxe5 Qh4 26. Rcd1 Bh6 27. Rf3
Ng5 28. Ra3 Ne4 29. Rf1 Bf4 30. h3 Nd2 31. Ra1 Bg3 32. Rd1 Be1 33. Rc1 Ne4 34.
Qb3 Be6 35. Qc2 Bf2+ 36. Kh1 Bxd4 37. Rf3 Ng3+ 38. Kh2 Bxe5 39. Qd1 Ne2+ 40.
Kh1 Nxc1 41. Bd7 Bf7 42. Qxc1 Rf8 43. Bc8 b6 44. b3 Bd6 45. Bd7 Qe4 46. Bb5 Qe5
47. Qg1 d4 48. Ba6 Rd8 49. Bb7 Re8 50. Rd3 Qe2 51. Rd1 Be5 52. Bc6 Rc8 53. Bb7
Rc2 54. Re1 Qd2 55. Qf1 Rc3 56. Qg1 Bg7 57. Qf1 Qxa2 58. Bd5 Rc7 59. Qf4 Rd7
60. Rf1 h5 61. Bxf7+ Rxf7 62. Qxf7+ Kh7 63. Rf6 Qb1+ 64. Kh2 Qe4 65. Re6 Qf5
66. Qxf5 gxf5 67. Re7 a5 68. Rb7 d3 69. Kg3 d2 70. Rd7 Kg6 71. Rxd2 Be5+ 72.
Kf3 h4 73. b4 axb4 74. Rd5 Kf6 75. Rb5 Bc3 76. Ke3 Be1 77. Rxb6+ Ke5 78. Ke2
Bc3 79. Rh6 Kf4 80. Rxh4+ Kg3 81. Rc4 Kxg2 82. h4 Bf6 83. Rxb4 Be7 84. Ra4 f4
85. Rxf4 Kg3 86. Ke3 Bxh4 87. Ke4 Bg5 88. Rf3+ Kh4 89. Kf5 Bd2 90. Ra3 Be1 91.
Ra4+ Kg3 92. Ra1 Bd2 93. Ra3+ Kf2 94. Ra5 Bxa5 1/2-1/2

[Event "ICS rated blitz match"]
[Site "204.178.125.65"]
[Date "2000.03.10"]
[Round "?"]
[White "QueenMaxima"]
[Black "Hossa"]
[Result "0-1"]
[WhiteElo "2406"]
[BlackElo "2381"]
[PlyCount "164"]

1. Nc3 d5 2. d4 Bf5 3. f3 Bg6 4. e4 dxe4 5. fxe4 e5 6. dxe5 Qxd1+ 7. Kxd1 Nc6
8. Nf3 O-O-O+ 9. Bd3 Bh5 10. Bf4 Nd4 11. Rf1 Ne6 12. Be3 Bc5 13. Kd2 Bxe3+ 14.
Kxe3 Nh6 15. Kf2 Kb8 16. Nd5 c6 17. Ne3 Nf4 18. Rad1 Rhe8 19. Bc4 Rxd1 20. Rxd1
Bxf3 21. Kxf3 Ng6 22. e6 fxe6 23. Bb3 Nf7 24. Ng4 Kc7 25. Ke3 Nd6 26. Rf1 Nf5+
27. Kd2 Rd8+ 28. Kc1 Nd4 29. Bc4 h5 30. Ne3 Ne5 31. c3 c5 32. Kb1 b5 33. Bd5
Re8 34. cxd4 cxd4 35. Nc2 exd5 36. Nxd4 dxe4 37. Nxb5+ Kc6 38. Nd4+ Kc5 39. Nf5
g6 40. Rc1+ Kd5 41. Ne3+ Kd6 42. Rf1 a6 43. Rf6+ Re6 44. Rf8 Nd3 45. Ra8 Kc5
46. Rc8+ Kd4 47. Nc2+ Ke5 48. g3 Re7 49. Ne3 Rb7 50. Nd1 Rb6 51. h3 Rd6 52. Ne3
Re6 53. Nc4+ Kd4 54. Na5 Ke3 55. Nb3 Rf6 56. Nc1 Rf1 57. a4 Rg1 58. g4 hxg4 59.
hxg4 Kf3 60. b3 e3 61. Rf8+ Kg2 62. Re8 Rxc1+ 63. Ka2 Rc2+ 64. Kb1 Rb2+ 65. Ka1
e2 66. b4 Rc2 67. b5 axb5 68. axb5 Kf3 69. b6 Rb2 70. Rf8+ Ke3 71. Re8+ Kd2 72.
b7 Rxb7 73. Ka2 Nb4+ 74. Ka3 Nc2+ 75. Ka4 Ne3 76. Rd8+ Kc3 77. Rd7 Rxd7 78. Kb5
Rc7 79. Ka6 Kc4 80. Kb6 Nd5+ 81. Ka6 e1=Q 82. g5 Qa1# 0-1

[Event "ICS rated blitz match"]
[Site "204.178.125.65"]
[Date "2000.03.10"]
[Round "?"]
[White "Hossa"]
[Black "QueenMaxima"]
[Result "1/2-1/2"]
[WhiteElo "2398"]
[BlackElo "2389"]
[PlyCount "136"]

1. e4 c5 2. Nf3 d6 3. d4 cxd4 4. Nxd4 Nf6 5. Nc3 e6 6. g4 e5 7. Bb5+ Bd7 8.
Bxd7+ Qxd7 9. Nf5 h5 10. gxh5 Nxh5 11. Bh6 Nc6 12. Nd5 g6 13. Qxh5 Bxh6 14.
Nf6+ Kd8 15. Nxd7 gxh5 16. Nf6 Nb4 17. Kd1 Bg5 18. a3 Nxc2 19. Kxc2 Bxf6 20.
Nxd6 Kc7 21. Rad1 Rhg8 22. Nxf7 Rg2 23. Kb3 Rf8 24. Nh6 Rxf2 25. Rc1+ Kb8 26.
Nf5 Rd8 27. Rcf1 Rd3+ 28. Ka2 Rc2 29. Rc1 Rg2 30. Rcg1 Rdd2 31. Rxg2 Rxg2 32.
h3 Bg5 33. a4 Bf4 34. Re1 Bd2 35. Rd1 Bc3 36. Kb3 Bxb2 37. Rd8+ Kc7 38. Rh8 Ba1
39. Rxh5 Rb2+ 40. Ka3 Rd2 41. Kb4 Rd3 42. Rh7+ Rd7 43. Rxd7+ Kxd7 44. h4 Ke6
45. h5 Kf6 46. Kc4 Kg5 47. h6 Kg6 48. Kd5 Bb2 49. Kd6 a6 50. Kc7 b5 51. axb5
axb5 52. Kc6 b4 53. Kb5 Bc3 54. Kc4 Bd2 55. Kb3 Kh7 56. Ka4 Kg6 57. Kb3 Bc3 58.
Kc2 Kh7 59. Kd3 Be1 60. Ne3 Kxh6 61. Ng4+ Kh5 62. Nxe5 b3 63. Nc4 Kg5 64. e5
Kf5 65. Kd4 Ke6 66. Nb2 Bg3 67. Nd3 b2 68. Nxb2 Bxe5+ 1/2-1/2

[Event "ICS rated blitz match"]
[Site "204.178.125.65"]
[Date "2000.03.10"]
[Round "?"]
[White "QueenMaxima"]
[Black "Hossa"]
[Result "0-1"]
[WhiteElo "2389"]
[BlackElo "2398"]
[PlyCount "72"]

1. d4 Nf6 2. c4 c5 3. d5 e6 4. g3 exd5 5. cxd5 d6 6. Nf3 b5 7. Bg2 Bb7 8. Qb3
Bxd5 9. Qxb5+ Bc6 10. Qb3 Nbd7 11. h3 d5 12. Nc3 Rb8 13. Qc2 d4 14. Nb1 Be4 15.
Qa4 a5 16. Nbd2 Rb4 17. Qd1 Bc6 18. O-O Be7 19. Re1 O-O 20. Qc2 Re8 21. Rb1 Bd6
22. a3 Rb8 23. b3 Nb6 24. Qd3 Qd7 25. a4 Nbd5 26. Nc4 Nb4 27. Qd1 Bc7 28. Bg5
Bxf3 29. Bxf3 Ne4 30. Bxe4 Rxe4 31. h4 Qh3 32. Rb2 Bxg3 33. fxg3 Qxg3+ 34. Kh1
Qh3+ 35. Kg1 Rg4+ 36. Kf2 Qg2# 0-1

[Event "ICS rated blitz match"]
[Site "204.178.125.65"]
[Date "2000.03.10"]
[Round "?"]
[White "Hossa"]
[Black "heatstroke"]
[Result "0-1"]
[WhiteElo "2414"]
[BlackElo "2897"]
[PlyCount "106"]

1. e4 e5 2. Nf3 Nc6 3. Bb5 a6 4. Ba4 Nf6 5. O-O Nxe4 6. d4 b5 7. Bb3 d5 8. dxe5
Be6 9. Nbd2 Be7 10. c3 O-O 11. Nxe4 dxe4 12. Bxe6 Qxd1 13. Rxd1 fxe6 14. Nd4
Nxd4 15. cxd4 c5 16. Be3 c4 17. d5 exd5 18. Rxd5 Rad8 19. Rad1 Kf7 20. Rd7 Rxd7
21. Rxd7 Rd8 22. Rxe7+ Kxe7 23. Bg5+ Ke8 24. Bxd8 Kxd8 25. f3 b4 26. Kf2 a5 27.
fxe4 a4 28. Ke2 c3 29. b3 axb3 30. axb3 Ke7 31. g4 h6 32. Kd3 Ke6 33. Ke2 Kxe5
34. Ke3 Kf6 35. Ke2 Kg5 36. e5 Kg6 37. Kd3 Kf7 38. Kc2 Ke6 39. Kd3 Kxe5 40. Ke3
Kf6 41. h4 g5 42. h5 Ke5 43. Kd3 Kf4 44. Ke2 Kxg4 45. Ke3 Kh3 46. Kd3 g4 47.
Ke2 g3 48. Kd3 g2 49. Kc2 g1=Q 50. Kd3 Qc5 51. Ke4 c2 52. Kd3 c1=Q 53. Ke4
Q1e3# 0-1

[Event "ICS rated blitz match"]
[Site "204.178.125.65"]
[Date "2000.03.10"]
[Round "?"]
[White "Hossa"]
[Black "Zippy"]
[Result "0-1"]
[WhiteElo "2412"]
[BlackElo "2314"]
[PlyCount "106"]

1. e4 c5 2. Nf3 Nc6 3. Bb5 Qb6 4. Nc3 e6 5. O-O Nge7 6. Ba4 g6 7. Nb5 Nd4 8.
Ne5 Nxb5 9. Nc4 Qc7 10. Bxb5 a6 11. e5 Nf5 12. Ba4 b5 13. Qf3 Bb7 14. Nd6+ Nxd6
15. Qf6 Rg8 16. exd6 Bxd6 17. Qh4 h5 18. d3 bxa4 19. Re1 Be5 20. Rb1 f6 21. Bd2
Bc6 22. f4 Bd4+ 23. Be3 Qd6 24. Qf2 Rb8 25. c3 Bxe3 26. Rxe3 Qd5 27. c4 Qd4 28.
Kh1 Kf7 29. Kg1 g5 30. f5 exf5 31. Kh1 Rge8 32. Re2 Qxd3 33. Rc2 Be4 34. Rbc1
Qxc2 35. Rxc2 Bxc2 36. Qd2 Rxb2 37. Kg1 d6 38. a3 Re6 39. h4 f4 40. hxg5 fxg5
41. Kh1 Rb1+ 42. Kh2 Be4 43. Qf2 Rc1 44. Qb2 Rc2 45. Qh8 Rxg2+ 46. Kh1 Rc2+ 47.
Kg1 Bg6 48. Qa1 Re3 49. Qd1 Rg3+ 50. Kf1 Bd3+ 51. Qxd3 Rxd3 52. Ke1 Ke6 53. Kf1
Rd1# 0-1

[Event "ICS Rated blitz match"]
[Site "204.178.125.65"]
[Date "2000.03.10"]
[Round "?"]
[White "Zippy"]
[Black "Hossa"]
[Result "1-0"]
[WhiteElo "2334"]
[BlackElo "2392"]
[PlyCount "147"]

1. e4 c5 2. Nf3 d6 3. d4 cxd4 4. Nxd4 Nf6 5. Nc3 g6 6. Bg5 Bg7 7. Bb5+ Nbd7 8.
O-O O-O 9. h3 Nc5 10. f3 a6 11. Bc4 Qb6 12. Bxf6 Bxf6 13. Nd5 Qxb2 14. Nxf6+
exf6 15. Qd2 b5 16. Bd5 Ra7 17. Rab1 Qa3 18. c4 bxc4 19. Bxc4 Ne6 20. Rfc1 Rc7
21. Nc2 Qc5+ 22. Ne3 Qg5 23. Kh1 Rb7 24. Rxb7 Bxb7 25. Rc3 Rd8 26. Qb2 Nc5 27.
Qb6 Rd7 28. Qb1 Qf4 29. Nd5 Qe5 30. Rc2 f5 31. Qb2 Bxd5 32. exd5 Qe1+ 33. Kh2
Qh4 34. g3 Qd8 35. Re2 Rb7 36. Qc1 a5 37. Qe1 Kf8 38. Qc1 f6 39. a3 Kg8 40. Qe1
Kf7 41. Kg2 a4 42. Qc1 Qf8 43. Qd2 Rb1 44. Ba2 Rb8 45. Bc4 Kg8 46. Re1 Nd7 47.
Qd4 Rb7 48. Re2 Nc5 49. Rb2 Re7 50. Bb5 Re1 51. Bxa4 Ra1 52. Re2 Nxa4 53. Qxa1
Nc5 54. a4 Kf7 55. a5 Qa8 56. Qa2 Qa6 57. Qd2 f4 58. gxf4 Nd3 59. Kg3 Qc4 60.
Qe3 Nxf4 61. Qa7+ Kf8 62. Re4 Nh5+ 63. Kh4 g5+ 64. Kxh5 Qc8 65. Qe7+ Kg8 66.
Qe6+ Qxe6 67. Rxe6 g4 68. fxg4 Kf7 69. a6 h6 70. a7 f5 71. a8=Q f4 72. Qe8+ Kg7
73. Qd7+ Kg8 74. Re8# 1-0

[Event "ICS rated bullet match"]
[Site "204.178.125.65"]
[Date "2000.03.10"]
[Round "?"]
[White "Hossa"]
[Black "JSBach"]
[Result "1-0"]
[WhiteElo "2399"]
[BlackElo "2021"]
[PlyCount "161"]

1. e4 e5 2. Nf3 Nc6 3. Bb5 Qf6 4. d3 Bc5 5. Bg5 Qd6 6. O-O f6 7. Bd2 Qe6 8. Bc4
Qg4 9. Nc3 Nge7 10. Bf7+ Kxf7 11. Ng5+ Qxg5 12. Bxg5 fxg5 13. Na4 Bb4 14. c3
Bd6 15. Qf3+ Kg8 16. b4 Ng6 17. b5 Nce7 18. g3 c6 19. bxc6 dxc6 20. Qh5 b5 21.
Nb2 g4 22. f3 Ba3 23. Nd1 Bc5+ 24. Kg2 gxf3+ 25. Rxf3 Be6 26. d4 Bd6 27. Nf2 b4
28. Nd3 bxc3 29. dxe5 Ba3 30. Qg5 Rf8 31. Nf4 Bb2 32. Re1 h6 33. Nxg6 Bh3+ 34.
Kg1 Nxg6 35. Rxf8+ Nxf8 36. Qe3 Ng6 37. Qxa7 Be6 38. Qa8+ Kh7 39. Qxc6 Bxa2 40.
Qa6 Bg8 41. Qb5 Be6 42. Kg2 Rd8 43. Kf3 Rd3+ 44. Kf2 Rd2+ 45. Kg1 Bd7 46. Qb8
h5 47. h4 Be6 48. Qb5 Bd7 49. Qb8 Rd3 50. Kf2 Be6 51. Re2 Ba3 52. Qa7 Be7 53.
Rc2 Bb3 54. Rc1 Bc4 55. Qa5 Bd8 56. Qc5 Rd2+ 57. Kf3 Be7 58. Qc7 Rd7 59. Qa5
Rd3+ 60. Kg2 Bd8 61. Qb4 Rd2+ 62. Kg1 Nxe5 63. Qxc3 Bc7 64. Kh1 Rd7 65. Qb4 Bd6
66. Qa5 Kh8 67. Rxc4 Rf7 68. Rc8+ Kh7 69. Re8 Bc7 70. Qb5 Ng4 71. Qxh5+ Nh6 72.
Kg2 Bb6 73. Qb5 Be3 74. Kh3 Rf2 75. Qb8 Rd2 76. Rh8+ Kg6 77. Qe8+ Kf6 78. Rf8+
Nf7 79. Rxf7+ Kg6 80. Rf8+ Kh7 81. Rh8# 1-0

[Event "ICS rated blitz match"]
[Site "204.178.125.65"]
[Date "2000.03.10"]
[Round "?"]
[White "Hossa"]
[Black "Tejas"]
[Result "1-0"]
[WhiteElo "2373"]
[BlackElo "2236"]
[PlyCount "77"]

1. e4 c5 2. Nf3 d6 3. d4 cxd4 4. Nxd4 Nf6 5. Nc3 Nc6 6. Bb5 Bd7 7. O-O a6 8.
Bc4 b5 9. Nxc6 Bxc6 10. Bd5 Qc7 11. Bg5 Nd7 12. Qd4 e6 13. Rfe1 f6 14. Bh4 Kf7
15. Bxc6 Qxc6 16. a3 Be7 17. a4 h5 18. axb5 axb5 19. f4 Nc5 20. f5 e5 21. Qb4
Rxa1 22. Rxa1 Rb8 23. Bf2 Nd7 24. Ra7 g6 25. Qb3+ Qc4 26. fxg6+ Kxg6 27. Rxd7
Qxb3 28. cxb3 Bf8 29. Ba7 Rc8 30. Be3 b4 31. Nd5 Rc2 32. Rb7 Rxb2 33. Rxb4 f5
34. Rb8 Bg7 35. Ne7+ Kf7 36. Nxf5 Bf8 37. h4 Re2 38. Kh2 Be7 39. Rb7 1-0

[Event "ICS rated blitz match"]
[Site "204.178.125.65"]
[Date "2000.03.10"]
[Round "?"]
[White "theMousePolice"]
[Black "Hossa"]
[Result "0-1"]
[WhiteElo "2081"]
[BlackElo "2374"]
[PlyCount "70"]

1. d4 Nf6 2. Nf3 e6 3. c4 b6 4. a3 d5 5. Nc3 dxc4 6. e4 Ba6 7. Bg5 Be7 8. Ne5
O-O 9. Bxc4 Bxc4 10. Nxc4 Nc6 11. Be3 Qd7 12. Qd2 Rfd8 13. Rd1 b5 14. Ne5 Nxe5
15. dxe5 Qc6 16. Qc2 Ng4 17. Bd4 b4 18. axb4 Qc4 19. h3 Rxd4 20. hxg4 Bxb4 21.
Rxd4 Qxd4 22. O-O Qxe5 23. Ne2 Rd8 24. Ng3 Rd2 25. Qc6 Rxb2 26. Qa8+ Bf8 27.
Qxa7 c5 28. Qa8 Qg5 29. Rd1 Qe7 30. Nf1 Qh4 31. Ne3 Qxf2+ 32. Kh1 Qxe3 33. Rd8
Qe1+ 34. Kh2 Qh4+ 35. Kg1 Rb1+ 0-1

[Event "ICS rated bullet match"]
[Site "204.178.125.65"]
[Date "2000.03.10"]
[Round "?"]
[White "theMousePolice"]
[Black "Hossa"]
[Result "0-1"]
[WhiteElo "2059"]
[BlackElo "2402"]
[PlyCount "58"]

1. d4 Nf6 2. Nf3 e6 3. c4 b6 4. a3 d5 5. Nc3 dxc4 6. e4 Ba6 7. Ne5 b5 8. Bg5 c5
9. d5 Bd6 10. Ng4 h5 11. Nxf6+ gxf6 12. Be3 h4 13. h3 Rh7 14. a4 b4 15. Nb5
Bxb5 16. axb5 c3 17. bxc3 Be5 18. cxb4 Bc3+ 19. Bd2 Bxa1 20. Qxa1 exd5 21. bxc5
Qe7 22. b6 Qxe4+ 23. Be2 Qxg2 24. Rf1 Nc6 25. b7 Rb8 26. Qa4 d4 27. f3 Kd7 28.
Bb5 Re8+ 29. Be2 Qxe2# 0-1

[Event "ICS rated blitz match"]
[Site "204.178.125.65"]
[Date "2000.03.10"]
[Round "?"]
[White "Frix"]
[Black "Hossa"]
[Result "0-1"]
[WhiteElo "2250"]
[BlackElo "2377"]
[PlyCount "116"]

1. e4 e5 2. Nf3 Nc6 3. Bb5 Nf6 4. d3 d6 5. Nbd2 Be7 6. O-O a6 7. Ba4 b5 8. Bb3
O-O 9. c3 Bg4 10. h3 Bd7 11. Re1 b4 12. Nf1 bxc3 13. bxc3 Rb8 14. Ng3 Rb7 15.
d4 Qb8 16. Bg5 Rd8 17. Qd3 exd4 18. cxd4 a5 19. Rac1 Nb4 20. Qc4 d5 21. exd5
Bb5 22. Qc3 Nbxd5 23. Qd2 Bb4 24. Qb2 Bxe1 25. Rxe1 Bc4 26. Nf5 Bxb3 27. axb3
Rxb3 28. Qc2 Rb2 29. Qc6 Qb5 30. Qc1 Re8 31. Kh2 Rxe1 32. Qxe1 Re2 33. Qc1 Ne4
34. Ng3 Nxg3 35. fxg3 Rf2 36. Qe1 Qe2 37. Qxe2 Rxe2 38. Nh4 a4 39. Bc1 Rc2 40.
Ba3 h5 41. Nf3 Ne3 42. Ne5 Rxg2+ 43. Kh1 Rxg3 44. Bc5 Rxh3+ 45. Kg1 g5 46. Nc6
f5 47. Nb4 f4 48. d5 a3 49. Na2 Nxd5 50. Nc1 Rc3 51. Bxa3 Rxa3 52. Ne2 Ra1+ 53.
Kf2 g4 54. Nd4 g3+ 55. Kg2 Ra2+ 56. Kg1 Ne3 57. Nf3 Ra1+ 58. Ne1 Rxe1# 0-1

[Event "ICS rated blitz match"]
[Site "204.178.125.65"]
[Date "2000.03.10"]
[Round "?"]
[White "Hossa"]
[Black "HaraldLdahl"]
[Result "1-0"]
[WhiteElo "2387"]
[BlackElo "2263"]
[PlyCount "76"]

1. d4 f5 2. c4 Nf6 3. g3 g6 4. Bg2 Bg7 5. Nf3 O-O 6. O-O d6 7. Nc3 Nc6 8. d5
Ne5 9. Nxe5 dxe5 10. Bg5 Ng4 11. c5 h6 12. Bc1 a6 13. e4 f4 14. f3 Nf6 15. gxf4
exf4 16. Bxf4 g5 17. Be5 Nh5 18. Bxg7 Kxg7 19. Ne2 e5 20. dxe6 Bxe6 21. Qc2 Qf6
22. Rfd1 Rad8 23. Rxd8 Rxd8 24. Re1 Qe5 25. b3 Kf6 26. c6 b6 27. Qc3 Qxc3 28.
Nxc3 Nf4 29. Bf1 b5 30. Ne2 Ke5 31. a4 bxa4 32. bxa4 Nxe2+ 33. Bxe2 Bc8 34. Rc1
Rd6 35. Kf2 Kd4 36. a5 Ke5 37. Ke3 h5 38. Rc5+ Kf6 1-0

[Event "ICS rated blitz match"]
[Site "204.178.125.65"]
[Date "2000.03.10"]
[Round "?"]
[White "Tinker"]
[Black "Hossa"]
[Result "0-1"]
[WhiteElo "2444"]
[BlackElo "2398"]
[PlyCount "100"]

1. e4 c5 2. Nf3 d6 3. d4 cxd4 4. Bb5+ Nc6 5. Nxd4 Bd7 6. Bxc6 bxc6 7. Nc3 e5 8.
Nde2 Nf6 9. Bg5 Be6 10. Bxf6 gxf6 11. O-O Rg8 12. Qd3 Qb6 13. Ng3 O-O-O 14. b3
Bh6 15. Qf3 Bf4 16. Nge2 Bg4 17. Qd3 Bg5 18. Ng3 Kb8 19. a4 Qa5 20. Rfb1 Qb4
21. a5 a6 22. Na4 Qb7 23. Nb6 Bf4 24. h3 Be6 25. Nh5 Bg5 26. Rd1 Bh4 27. Qf3
Rg6 28. Rd3 Rdg8 29. Rxd6 Rxg2+ 30. Qxg2 Rxg2+ 31. Kxg2 f5 32. Rad1 Qe7 33. Ng3
f4 34. Nh1 Qg5+ 35. Kh2 Bxf2 36. Nd7+ Bxd7 37. Rxd7 Bg3+ 38. Kg1 Bh4+ 39. Kh2
Qh5 40. R1d2 Qf3 41. Rxf7 Bg3+ 42. Kg1 Qe3+ 43. Rf2 Bxf2+ 44. Nxf2 f3 45. Rf8+
Kc7 46. Rf7+ Kd6 47. Rxf3 Qxf3 48. b4 Qe2 49. Kg2 Qxc2 50. h4 h5 0-1

[Event "ICS rated blitz match"]
[Site "204.178.125.65"]
[Date "2000.03.10"]
[Round "?"]
[White "Hossa"]
[Black "Tinker"]
[Result "0-1"]
[WhiteElo "2416"]
[BlackElo "2426"]
[PlyCount "114"]

1. c4 e5 2. Nc3 Nc6 3. Nf3 d6 4. d4 Nxd4 5. Nxd4 exd4 6. Qxd4 Ne7 7. Bd2 Be6 8.
O-O-O Nc6 9. Qe4 Qd7 10. Nd5 O-O-O 11. Qh4 Re8 12. Bc3 Ne7 13. e4 Qa4 14. a3
Ng6 15. Qg5 h6 16. Qe3 Kb8 17. Bb4 Nh4 18. Nf4 Bd7 19. Qg3 Rxe4 20. b3 Qc6 21.
Bd3 Rd4 22. Bc3 Nf5 23. Bxf5 Rxd1+ 24. Rxd1 Bxf5 25. Re1 Rg8 26. Qe3 Bd7 27.
Bd4 a6 28. Nd5 f5 29. Ba7+ Kc8 30. a4 g5 31. a5 Rg6 32. Ne7+ Bxe7 33. Qxe7 Rg8
34. Qf7 Rd8 35. f3 b6 36. axb6 cxb6 37. Qf6 Qc7 38. Qxh6 Qxa7 39. Qxg5 b5 40.
cxb5 axb5 41. Kb1 Bc6 42. Qxf5+ Rd7 43. Qc2 Rc7 44. g4 Kb7 45. h3 d5 46. f4 Qa3
47. f5 d4 48. Qd3 Kc8 49. Qd1 Bd5 50. Re8+ Kb7 51. Re3 d3 52. f6 Bxb3 53. Qf3+
Ka7 54. Qa8+ Kxa8 55. Re8+ Kb7 56. Rb8+ Kxb8 57. g5 Qc1# 0-1